[Event "Olympiad-36"]
[Site "Mallorca"]
[Date "2004.10.16"]
[Round "2"]
[White "Navara, David"]
[Black "Rahman, Ziaur"]
[Result "1-0"]
[WhiteElo "2620"]
[BlackElo "2535"]
[Annotator "Marin,M/Stoica"]
[PlyCount "107"]
[EventDate "2004.10.15"]
[EventType "team-swiss"]
[EventRounds "14"]
[EventCountry "ESP"]
[SourceTitle "CBM 104"]
[Source "ChessBase"]
[SourceDate "2005.01.27"]
[SourceVersion "1"]
[SourceVersionDate "2005.01.27"]
[SourceQuality "1"]
[WhiteTeam "Czech Republic"]
[BlackTeam "Bangladesh"]
[WhiteTeamCountry "CZE"]
[BlackTeamCountry "BAN"]

1. e4 g6 2. d4 d6 3. Nc3 Bg7 4. Be3 Nf6 5. Qd2 Ng4 6. Bg5 h6 7. Bh4 g5 8. Bg3
f5 9. exf5 Bxf5 10. Bd3 Qd7 11. Nge2 Nc6 12. f3 Nf6 13. d5 Nb4 14. Bxf5 Qxf5
15. O-O-O c6 16. Nd4 Qd7 17. Ne6 Rg8 18. Rhe1 Nbxd5 19. Nxd5 cxd5 20. h4 Bh8
21. hxg5 hxg5 22. Bf2 Rc8 23. Bd4 Ne4 24. fxe4 Qxe6 25. exd5 Qg4 26. Qe3 Qf4
27. Bxa7 Ra8 28. Kb1 Qxe3 29. Bxe3 Ra4 30. b3 Rg4 31. Re2 b5 32. Bc1 Kd8 33.
Bb2 Bxb2 34. Kxb2 Rf8 35. Rd3 Rgf4 36. a3 Rf2 37. Rxf2 Rxf2 38. Rg3 Rf5 39. c4
bxc4 40. bxc4 Kc7 {White has an extra-pawn in a slightly unusual positionfor
this type of endings.} 41. Kc3 Kb6 42. Re3 Rf1 {Black decides to activate his
rook, in order to obtain the c5-square for his king.} ({The necessity of
occupying this square is revealed in the variation} 42... Rf2 $2 43. Rxe7 Rxg2
44. Rd7 $18) ({Too passive would be} 42... Rf7 {for instance} 43. Rf3 (43. Kd4
$5 {would basically transpose to the game after} Rf4+ 44. Re4 Rf1 45. Rxe7 Rd1+
46. Kc3 Rc1+ 47. Kd3) 43... Rh7 (43... Rg7 44. Kb4 $18) 44. Rg3 Kc5 (44... Rh4
45. Kb4 $16) 45. Rh3 Rf7 46. Rh8 Rf4 47. Rc8+ Kb6 48. Rb8+ Ka5 (48... Kc7 49.
Rb2 {[%cal Ra3a4] /\ a4+/-}) 49. Re8 Rf7 (49... Re4 50. c5 $1 dxc5 51. d6 $18)
(49... Rg4 50. Rxe7 Rg3+ 51. Kd4 Rg4+ 52. Kd3 Rg3+ 53. Ke4 Ka4 54. Re6 $18) 50.
Rg8 Rf5 51. Rg7 Re5 52. Kd4 {[%cal Ce5e2,Ce2g2,Rc4c5] /\ c5 +-}) 43. Rxe7 Rc1+
44. Kd3 Rd1+ 45. Ke2 {White directs his king to the king side.} ({Entirely
possible would have also been} 45. Kc2 $5 {aiming to defend the a-pawn:} Ra1 (
45... Rg1 46. Rd7 Kc5 47. Kd3 Rd1+ 48. Ke3 Kxc4 49. Rxd6 $16) 46. Kb2 $1 (46.
Kb3 Rb1+ 47. Ka4 Rc1 48. Re4 Kc5 $44) 46... Rg1 (46... Rd1 47. Rd7 Kc5 48. Kc2
Ra1 49. Kb3 $16) 47. Rd7 Kc5 48. Kc3 $1 Rc1+ (48... Rxg2 49. Rc7+ Kb6 50. Rc6+
Kb7 51. Rxd6 $18) 49. Kd3 Rd1+ 50. Ke3 $1 (50. Ke4 Rd4+ 51. Kf5 Rxc4 52. Kxg5
Ra4 $14) (50. Ke2 Ra1 51. Rc7+ Kd4 $44) 50... Kxc4 51. Rxd6 $16) 45... Ra1 46.
Kf3 Rxa3+ 47. Kg4 Rc3 48. Kf5 $6 {After this move, Black should have reached a
draw without too many difficulties.} (48. Re4 $6 {would have been also
insufficient since} Rc2 49. g3 Rc3 $1 50. Re8 {(What else?)} Rxc4+ 51. Kxg5 Kc5
52. g4 Kxd5 53. Kf5 Rc1 54. g5 Rf1+ 55. Kg6 Kc4 56. Kg7 d5 {leads to a draw.})
({The correct continuation would have been} 48. Re2 $1 Rxc4+ 49. Kxg5 Rd4 (
49... Kc5 50. Rd2 $18) 50. g4 Kc5 51. Kf5 Rd1 (51... Rxd5+ 52. Kf6 Rd1 53. Rg2
$18) {when the extra tempo compared to the previous line would have been
decisive:} 52. Rf2 Kxd5 53. g5 Rg1 54. g6 Kc5 55. Rf4 d5 56. Rg4 Rf1+ 57. Ke6
Rf8 58. g7 Rg8 59. Kf7 Rxg7+ 60. Kxg7 d4 61. Kf6 $18) 48... Rxc4 49. Ke6 ({Or} 
49. Kxg5 Kc5 50. g4 Kxd5 {with good saving prospects, as in the line starting
with 48.Re4}) 49... Rg4 50. Kxd6 Rxg2 {We reached a very interesting position
with 6 pieces, which, however, is not included in the Nalimov tablebases yet.
White's better coordination offers him some practical chances.} 51. Re1 ({
Against the regroupment initiated with} 51. Re6 {Black could have defended with
} Rh2 $1 {transfering the rook on the long side of the passed pawn.} ({
Although the straightforward} 51... g4 $2 {would not lose either:} 52. Ke7+ Kb7
53. d6 Rd2 54. Re3 g3 $1 55. Rxg3 {and now Black is just in time to transfer
his rook to the optimal position with} Rh2 $11) 52. Ke7+ Kb7 53. d6 Rh8 $1 (
53... Rh7+ $2 54. Kd8 $1 Kc6 55. d7+ $18) 54. Re2 Rh7+ $11 55. Kd8 $140 Kc6) ({
More practical problems would have posed} 51. Re3 $5 g4 52. Rb3+ Ka6 $5 (52...
Ka5 $2 53. Ke6 g3 (53... Re2+ 54. Kd7 Rh2 55. d6 Rh3 56. Rb8 {/\ Rg8 +-}) 54.
Re3 Kb6 55. d6 $18) 53. Kc6 Rc2+ 54. Kd7 {and now Black seems to save the game
with} Rg2 $1 55. d6 g3 56. Re3 Kb7 57. Ke7 Rh2 $1 58. Rxg3 Rh7+ $11) 51... Kb5
$2 {Going to a wrong direction. The king should have stayed close to the back
rank.} (51... Rh2 52. Rb1+ Ka7 53. Kc7 Rc2+ 54. Kd7 {certainly looks passive
for Black, but he seems to hold.} g4 55. Rg1 (55. Rb3 Rf2 56. d6 Rf3 57. Rb2 g3
58. Kc7 Rc3+ 59. Kd8 Rf3 60. d7 Re3 61. Rc2 Kb7 $11) 55... Rd2 56. d6 Kb6 57.
Rxg4 Rh2 {is a theoretical draw again.}) ({However, more natural is} 51... g4 {
advancing the pawn at once:} 52. Rb1+ (52. Ke6 Rh2 $1 53. Rb1+ Kc5 54. Rc1+ Kb6
55. d6 Rh6+ $11) 52... Ka6 53. Kd7 Rd2 54. d6 g3 55. Ke7 Re2+ 56. Kd8 g2 57. d7
{and here several moves lead to a draw.} Re3 ({One of the few possible
mistakes would be} 57... Re4 $4 {failing to keep distance from the enemy king
in the line} 58. Kc7 Rc4+ 59. Kd6 Rd4+ 60. Kc6 Rc4+ 61. Kd5 Rc2 62. d8=Q Rd2+
63. Kc6 $18) (57... Rb2 $11) (57... Ka7 $11) 58. Kc7 Rc3+ 59. Kd6 (59. Kb8 Rd3
60. Ra1+ Kb6 61. Kc8 Rc3+ $11) 59... Rd3+ 60. Kc6 Rc3+ $11) 52. Ke6 Kc5 ({
With the king on b5,} 52... Rh2 {does not work any more:} 53. d6 Rh6+ 54. Kd7
Kc5 55. Kc7 $18) 53. d6 $18 Rd2 54. d7 1-0

[Event "Bundesliga 0102"]
[Site "Germany"]
[Date "2002.04.28"]
[Round "15.3"]
[White "McShane, Luke J"]
[Black "Paehtz, Thomas Sr"]
[Result "1-0"]
[WhiteElo "2511"]
[BlackElo "2451"]
[Annotator "McShane,L"]
[PlyCount "51"]
[EventDate "2001.10.06"]
[EventType "team-tourn"]
[EventRounds "15"]
[EventCountry "GER"]
[SourceTitle "CBM 089"]
[Source "ChessBase"]
[SourceDate "2002.08.12"]
[SourceVersion "1"]
[SourceVersionDate "2002.08.12"]
[SourceQuality "1"]
[WhiteTeam "Werder Bremen"]
[BlackTeam "Erfurt SK"]
[WhiteTeamCountry "GER"]
[BlackTeamCountry "GER"]

1. e4 g6 2. d4 Bg7 3. Nf3 d6 4. Bd3 Nf6 5. c3 O-O 6. O-O Nc6 7. Re1 e5 8. h3
Re8 9. d5 Ne7 10. c4 Nd7 (10... Nh5 $5) 11. Nc3 h6 (11... f5 12. Ng5 $5) 12. b4
f5 13. Ba3 Nf6 14. Rc1 (14. c5 fxe4 15. Nxe4 Nexd5) 14... Kh8 $6 (14... g5 15.
c5 g4 (15... Rf8 {[%cal Yf6e8]} 16. Nd2 {is unclear.}) 16. hxg4 fxg4 17. Nh4 $5
{[%csl Re7][%cal Yh4g6]}) 15. Nd2 Rg8 $2 {Too slow I think.} (15... g5 16. c5
g4 {was necessary to seek counterplay.}) 16. c5 Ne8 (16... g5 {was still
better.}) 17. Nc4 $16 fxe4 (17... g5 18. exf5 Nxf5 $16 (18... Bxf5 19. Ne3 {
[%csl Ge3]})) 18. Nxe4 $1 {[#]} (18. Bxe4 {is also strong of course.}) 18...
dxc5 $2 {This is too weakening.} (18... Nxd5 19. cxd6 cxd6 (19... Nxd6 20.
Ncxd6 cxd6 21. Bc4 $18) 20. b5 Bf8 21. Bc2 $1 (21. Bf1 $6 Be6 22. Rc2 {[%csl
Rd6][%cal Yc2d2] was my intention, but Black has some counterchances after} Rc8
(22... a6 {is also an option.}) 23. Rd2 Nc3 $1) 21... Be6 22. Bb3 $1 {
Threatening to capture on d6, is better.}) 19. Nxc5 Qxd5 20. Bb2 Nc6 21. b5 $1
e4 (21... Nd4 22. Nxe5 $1 Bxe5 23. Bc4 Qxc5 (23... Nf3+ 24. gxf3 Qxd1 25. Bxe5+
Ng7 26. Rcxd1 $18) 24. Rxe5 $18 {[%csl Gb2][%cal Yb2h8]}) (21... Nb4 22. Bxg6
$16 {at least.}) (21... Qxc5 22. bxc6 {[%csl Rc5,Re5,Rh8][%cal Yc4e5,Ye5f7,
Ye5g6]}) 22. Bxg7+ Nxg7 23. Nxe4 {[#]} Nb4 (23... Nd4 24. Qd2 $1 {the cleanest
win.} (24. Nf6 Qg5 25. Nxg8 Bxh3) 24... Ngf5 25. Nf6 $18) (23... Qxb5 24. Ncd6
Qd5 25. Bc4 Qxd1 26. Nf7+ Kh7 27. Nf6# {[%csl Gf6,Gf7,Rh7]}) 24. Qd2 $1 {
[%csl Rb4,Gd2,Rh8][%cal Yd2b4,Yd2h6]} Nf5 25. Qxb4 Qxd3 26. Rcd1 {[#]} (26.
Rcd1 Qc2 27. Rd2 $18 {[%csl Rc2]}) 1-0

[Event "EU-Cup 19th"]
[Site "Rethymno"]
[Date "2003.10.03"]
[Round "6.1"]
[White "McShane, Luke J"]
[Black "Azmaiparashvili, Zurab"]
[Result "1/2-1/2"]
[WhiteElo "2619"]
[BlackElo "2702"]
[Annotator "McShane,L"]
[PlyCount "131"]
[EventDate "2003.09.28"]
[EventType "team-swiss"]
[EventRounds "7"]
[EventCountry "GRE"]
[SourceTitle "CBM 098"]
[Source "ChessBase"]
[SourceDate "2004.02.03"]
[SourceVersion "1"]
[SourceVersionDate "2004.02.03"]
[SourceQuality "1"]
[WhiteTeam "Werder Bremen"]
[BlackTeam "Kiseljak"]
[WhiteTeamCountry "GER"]
[BlackTeamCountry "BIH"]

1. e4 d6 2. d4 Nf6 3. f3 e5 4. d5 Be7 5. c4 Nh5 6. Be3 Bg5 7. Bf2 g6 8. g4 Nf4
9. h4 Be7 10. Ne2 h5 11. g5 f6 12. gxf6 Bxf6 13. Qd2 Nd7 14. Nbc3 g5 15. Nxf4
exf4 16. hxg5 Ne5 17. Be2 Bxg5 18. c5 Bd7 19. O-O-O Qf6 20. c6 bxc6 21. dxc6
Bxc6 22. Bb5 Bxb5 23. Nxb5 Rb8 24. Qd5 a6 25. Nd4 Kd7 26. Qa5 Rb6 27. Qa4+ Kc8
28. Ne2 Rxb2 29. Kxb2 (29. Bd4) 29... Nd3+ (29... Nc4+ 30. Kb3 Qb2+ 31. Kxc4
Qxe2+ $16) 30. Kc2 Nxf2 31. Qxa6+ Kd7 32. Qb5+ Kc8 33. Rd5 Nxh1 34. Rxg5 Ng3 {
with a draw offer} 35. Nc3 (35. Nxf4 $5 Nxe4 $3 (35... Qxf4 36. Qa6+ Kd7 (36...
Kd8 37. Rg7) 37. Rg7+ Ke6 38. Qc4+ Ke5 39. Qd5+ Kf6 40. Rf7+ $18) 36. fxe4 Qxf4
37. Qa6+ Kd8 38. Qa8+ Ke7 39. Rg7+ Kf6 $1 (39... Ke6 40. Qd5+ Kf6 41. Rf7+ $18)
40. Qxh8 Qxe4+ 41. Kd2 {[%csl Rf6][%cal Yd2h2,Yh8f6,Gg7g1]} Qd4+ 42. Ke2 Qe4+
43. Kf2 Qf4+ 44. Kg2 Qe4+ $1 45. Kg3 (45. Kh2 Qh4+ 46. Kg1 Qe1+ $11) (45. Kh3
$4 Qh1+ 46. Kg3 Qg1+ $17) 45... Qe1+ 46. Kf3 Qf1+ 47. Ke3 Qe1+ $11) 35... Nf1
36. Qa6+ Kd8 37. Rb5 Ne3+ 38. Kd3 Kd7 39. Rb7 (39. Qa4 Ke7) 39... Rc8 40. Qb5+
Ke6 41. Qxh5 Rh8 42. Qb5 Rc8 (42... c5 $5 43. Qd7+ Ke5) 43. Qc6 Qg5 (43... Qg7
44. Ne2 Qf7 $1 45. a4 (45. Nd4+ Kf6 46. e5+ Kg5 $1 47. exd6 Qg6+ 48. Ke2 Qxd6
49. Ne6+ Kf6 50. Qxd6 cxd6 51. Nxf4) 45... Ke5 46. Qc3+ Ke6 47. Nd4+ Kf6 48.
Nf5+ Kg6 49. Nxe3 fxe3 50. Qb3 $5 (50. Kxe3 Rf8 51. Kf2) 50... Qf6 (50... Qxf3
51. Qe6+ Kg5 52. Qxc8 e2+ 53. Kd2 $18) 51. Kxe3 Rf8 52. Ke2 $16) 44. Nb5 $2 (
44. Ne2 $1 Qe5 (44... Qf6 45. Nd4+ Ke7 46. Rxc7+ Rxc7 47. Qxc7+ $16) 45. Rb5 $1
Qf6 46. Rh5 $1 $18 {Fritz}) (44. Rxc7 Rxc7 45. Qxc7 Qh5 (45... Qg2 46. Ne2 $1)
(45... Qg1 46. Qc8+ Ke7 47. Qh3)) 44... Qg1 45. Nxc7+ (45. Nd4+ Kf6 (45... Ke5
46. Rb5+ Kf6 47. e5+) 46. e5+ Kg5 47. exd6 (47. Ne6+ Kh6 48. Nxf4 Nf5 $13)
47... Qd1+ 48. Ke4 Qe1 49. d7 (49. Ne6+ Kf6 50. d7 Nf5+ $11 {Fritz}) 49... Nf5+
50. Kd5 Ne7+ (50... Ne3+ 51. Ke6 Nf5+ 52. Qe4 Qxe4+ 53. fxe4 Nxd4+ 54. Kd5 Rd8
55. Rxc7 $16) 51. Kc4 Nxc6 $1 52. dxc8=Q Qc1+ $11) 45... Rxc7 46. Rxc7 (46.
Qxc7 Qd1+ 47. Kc3 Qc2+ 48. Kb4 Qb2+ 49. Ka5 Qxa2+ 50. Kb5 (50. Kb6 $4 Nc4+ $19)
) (46. Qe8+ Kf6 47. Qh8+ Ke6 $1 (47... Qg7 48. Qd8+ $18) 48. Qh3+ Ke5 49. Qh5+
Ke6 $11) 46... Qd1+ 47. Kc3 Qc2+ 48. Kb4 Qb2+ 49. Ka5 Qxa2+ 50. Kb6 Qb2+ 51.
Qb5 (51. Ka7 Qa1+ 52. Kb8 Qh8+ 53. Rc8 Qb2+ {[%csl Gb2][%cal Yb2a1,Yb2h8]} 54.
Qb7 Qxb7+ 55. Kxb7) (51. Ka7 Qa1+ 52. Kb7 Qb2+ 53. Ka8 Qa1+ 54. Kb8 Qb2+ 55.
Rb7 Qh8+ 56. Qc8+ Qxc8+ 57. Kxc8 d5 (57... Nc4 58. Kd8 Ne5 59. Re7+ $1 (59. Rb3
Nxf3 60. Rxf3 Ke5 $11) 59... Kf6 60. Re8)) 51... Qxb5+ 52. Kxb5 Ng2 $3 $11 {
[%csl Re4,Rf3][%cal Yg2e1,Ye1f3,Ye6e4]} 53. Rc3 Ne1 54. Kc4 Ke5 55. Ra3 Nxf3 $1
56. Rxf3 Kxe4 57. Rf1 $8 f3 58. Kc3 Ke3 59. Re1+ Kf4 (59... Kf2 60. Kd2 Kg2 61.
Re6 d5 (61... f2 62. Rg6+) 62. Rg6+ Kf1 63. Rd6 (63. Ke3 f2 64. Kf3 Ke1 (64...
d4 65. Rg2) 65. Re6+)) 60. Rf1 Ke3 61. Re1+ Kf4 62. Kd2 f2 63. Re6 f1=N+ 64.
Kd3 Ng3 65. Rxd6 Nf5 66. Re6 1/2-1/2

[Event "Tashkent FIDE GP 2nd"]
[Site "Tashkent"]
[Date "2012.11.23"]
[Round "2"]
[White "Leko, Peter"]
[Black "Mamedyarov, Shakhriyar"]
[Result "1/2-1/2"]
[WhiteElo "2732"]
[BlackElo "2764"]
[Annotator "Mekhitarian,K"]
[PlyCount "107"]
[EventDate "2012.11.22"]
[EventType "tourn"]
[EventRounds "11"]
[EventCountry "UZB"]
[EventCategory "20"]
[SourceTitle "CBM 152"]
[Source "ChessBase"]
[SourceDate "2013.01.15"]
[SourceVersion "1"]
[SourceVersionDate "2013.01.15"]
[SourceQuality "1"]

1. e4 d6 2. d4 Nf6 3. Nc3 c6 {The Pribyl or Czech variation of the Pirc
Defence (or just Czech Cefence, I've seen people calling it both things).
Black's intention (besides from transposing into the Pirc sometimes) is to
play Qa5-e5 against the main 4.f4.} 4. Nf3 (4. f4 Qa5 5. Bd3 e5 6. Nf3 {
is the main line, with many interesting possibilities for both sides.}) 4...
Bg4 $5 {Black's setup takes a different route now - he will play e6, Be7 and
0-0, and d5 is coming later, establishing a solid centre, with a Caro-Kann
like position.} (4... g6 {would go into the Pirc again, but that's not what
Shak had in mind.}) 5. h3 (5. Be2 e6 6. O-O Be7 7. Be3 d5 8. e5 Nfd7 {is one
of the typical positions that could arise. Black keeps the flexibility of the
light-squared B on g4, so whenever White exchanges it (after Ne1, let's say),
taking on e2, followed by c5 would bring him a consistent position.}) 5... Bh5
(5... Bxf3 $6 {this would be too lazy and weak.} 6. Qxf3 e6 $14 {first of all,
White has the option to play 7.d5!? now, and simple development would already
bring him a small edge because of the B-pair.}) 6. Bd3 e6 7. g4 {A concrete
matter, hard to evaluate now, but it's also a typical way to search for an
advantage - getting the B-pair and also expanding and gaining space.} Bg6 8. g5
Nfd7 9. Nh4 d5 $1 {A nice pawn formation, leaving them on light-squares, as
the g6-B is going down.} 10. Nxg6 hxg6 {White is fighting for a B-pair and
space advantage, but Black is solidly placed and after some manoeuvres, Shak
proves that his position is consistent.} 11. Qg4 Qb6 $1 {An important move,
forcing the N-retreat and also disturbing the c1-B development.} 12. Ne2 Na6 (
12... dxe4 $6 {avoiding the whole 13.exd5!? idea would be too soon, because
then 13...Na6 is not threatening ...Nb4 anymore (with the white B on e4).} 13.
Bxe4 Na6 14. Bf4 $1 Qxb2 15. O-O $16 {with a super strong initiative for White.
}) 13. c3 (13. exd5 $5 {This positional concession could be played
specifically because of the positioning of some pieces - after 12...Na6, Black
is not going to have ...Nc6 anymore (which would be ideal after 13...exd5).}
cxd5 14. c3 Nc7 15. Bf4 $1 {and now White is taking advantage of the c7-N,
that doesn't have many pleasant squares for now} Bd6 (15... Nb5 16. h4 {
after h5, the K-side would become vulnerable (specially because Black will
need to play 0-0-0 and thus will leave the f7-P unprotected)} Nd6 17. O-O-O $16
) 16. O-O-O {it is interesting to notice that had the black-N been on c6, it
would be marching to e7, from where the control of the g6 and f5 squares would
help Black's defence} O-O-O 17. Kb1 $14 {again with ideas of h4-Ng3-h5, to
harass the Q-side.}) 13... dxe4 {Mamedyarov releases the central tension, to
avoid 14.exd5 once and for all. As already discussed, this small positional
concession is sound now, because of the c7-N, that could now come to b5-d6.} (
13... Nc7 $5 {would be similar and perhaps more flexible. Also, this move kind
of prepares a strong central blow with 14...e5! - even considering that will
open White's B-pair, it is important to remember that White's K is still on e1
and some of his pieces haven't been developed yet} 14. exd5 {trying the same
13th move idea} Nxd5 $13 {now this is possible, which could actually be a
little bit unstable, but then again ...e5 and ...c5 are coming, and the
position remains balanced.}) 14. Bxe4 (14. Qxe4 $5 {was probably the best try
for an advantage. For example:} Nc7 (14... c5 $5 {has to be checked}) 15. Bf4
Nd5 16. Bg3 $1 {with good chances for White. 16...Qxb2 is too risky and should
be bad.} Qxb2 17. Rb1 Qxa2 18. Rxb7 $16) 14... Nc7 15. Qf3 Nb5 $1 {Correctly
improving the N to d6.} 16. a4 Nd6 17. a5 Qb5 18. Bd3 Qd5 19. Qxd5 cxd5 {
I'm always a little bit afraid of these endgames, when Black has this
light-squared-pawn structure without that B. First of all, White's only break
would be with h4-h5, but after ...gxh5 and ...g6 afterwards, it wouldn't be
much anyway. Things should again be balanced.} 20. a6 b6 21. h4 Rc8 22. Ng3 Be7
23. Ke2 Kf8 $1 {Keeping an eye on the h5-break, when the K is clearly better
on f8.} 24. Bf4 Nc4 25. h5 gxh5 26. Nxh5 Kg8 (26... Nxb2 $4 27. Nf6 $1 $18 Rxh1
28. Rxh1 {and Rh8+ is a winning threat.}) 27. Bc1 g6 28. Ng3 Rxh1 29. Nxh1 e5
$1 {These kind of moves are always sort of unexpected, because it is unlikely
that Black would want to destroy his own perfect structure, but sometimes
piece activity speaks louder!} 30. dxe5 Ncxe5 31. Bb5 Nc5 32. Be3 Ne6 {29...e5
was a good decision, but also a brave one, because the a6-P could be dangerous
in some positions (connected with Bxb6 ideas). But, as an old Russian proverb
says: "He who doesn't take risks never gets to drink champagne". In the other
hand the g5-P is also a weakness and with a 34th move mistake, Leko turns into
a worse position.} 33. Rd1 Nc7 34. Bd3 $6 (34. f4 $1 {had to be played to
avoid going into a slightly worse position} Ng4 (34... Nxb5 35. Rxd5 (35. fxe5
$5 $13 {should be considered as well, with Nf2-Ng4, Kf3 to come}) 35... Nc4 36.
Rxb5 Re8 37. Bd4 {with an unclear endgame, but White's pieces are now becoming
active} Nxb2 38. Kf3 Nc4 39. Nf2 $13) 35. Bc6 Nxe3 36. Kxe3 Bc5+ 37. Kf3 Rd8
38. Bb7 d4 39. Ng3 $13 {and White could be claiming a small initiative, with
Ne4, or even f5.}) 34... Re8 $1 35. f4 $6 (35. Kf1 $11 {/=/+, was still
possible, but Black would keep fighting for a small initiative advantage.})
35... Bxg5 $17 {Maybe missed by Leko in time trouble.} 36. Nf2 Nxd3 37. Nxd3
Be7 38. Kf3 f6 {Black is a pawn up, but there's still a lot to be done to
convert it into a full point. Leko plays tenaciously:} 39. Bd4 Kf7 40. Rh1 Nxa6
{Seems to allow sort of a forced draw already:} (40... Ne6 $15 {/-/+, was
possible, to keep up the fight. It will be far from easy for Black, because
has the a6-P pawn bothering, him as well as the annoying h-file, and
well-placed pieces.}) 41. Ra1 Nc5 42. Bxc5 $1 bxc5 43. f5 $1 g5 (43... gxf5 44.
Rxa7 $11 {when White has Nf4+ in the event of Ke6 (that's why 43.f5 is
interesting).}) 44. Rxa7 Kf8 45. b4 $1 c4 (45... cxb4 {was Black's last chance,
but White is also safe after} 46. Nxb4 d4 47. Nd5 dxc3 48. Rc7 {the cleanest
path for a draw in my opinion} Bd8 49. Rc8 c2 50. Ne3 c1=Q 51. Rxc1 Re5 52. Rd1
$1 {followed by Rd5} Bb6 (52... Re8 53. Rd6 Be7 54. Re6 $11 {Nd5, Ke4, etc})
53. Nd5 $11) 46. Nc5 $11 {Now Black has to exchange his minor piece, and the R
endgame is a clear draw, despite the pawn down.} Bxc5 47. bxc5 Rc8 48. Ra6 Kf7
49. Ra7+ Kg8 50. Ra5 Re8 51. Ra7 Rc8 52. Ra5 Re8 53. Ra7 Rc8 54. Ra5 1/2-1/2